Technology transfer and innovation : (Record no. 145371)
[ view plain ]
| 000 -LEADER | |
|---|---|
| fixed length control field | 00982nam a2200253 a 4500 |
| 008 - FIXED-LENGTH DATA ELEMENTS--GENERAL INFORMATION | |
| fixed length control field | |
| 020 ## - INTERNATIONAL STANDARD BOOK NUMBER | |
| International Standard Book Number | 0947568190 (pbk) |
| 049 ## - LOCAL HOLDINGS (OCLC) | |
| Holding library | MAIN |
| 090 ## - LOCALLY ASSIGNED LC-TYPE CALL NUMBER (OCLC); LOCAL CALL NUMBER (RLIN) | |
| Classification number (OCLC) (R) ; Classification number, CALL (RLIN) (NR) | T174.3TEC |
| 003 - CONTROL NUMBER IDENTIFIER | |
| control field | |
| 005 - DATE AND TIME OF LATEST TRANSACTION | |
| control field | 20230123133242.0 |
| 040 ## - CATALOGING SOURCE | |
| Transcribing agency | NUST |
| 111 2# - MAIN ENTRY--MEETING NAME | |
| Meeting name or jurisdiction name as entry element | European Conference on Technology Transfer and Innovation |
| Date of meeting or treaty signing | (1986 : |
| Location of meeting | University of Salford) |
| 245 10 - TITLE STATEMENT | |
| Title | Technology transfer and innovation : |
| Remainder of title | papers presented to the European Conference on Technology Transfer and Innovation held at the University of Salford, September 1986 / |
| Statement of responsibility, etc. | edited by Graham Ashworth and Anna Thornton. |
| 260 ## - PUBLICATION, DISTRIBUTION, ETC. | |
| Place of publication, distribution, etc. | London : |
| Name of publisher, distributor, etc. | Taylor Graham [for] University of Salford, |
| Date of publication, distribution, etc. | c1987. |
| 300 ## - PHYSICAL DESCRIPTION | |
| Extent | 188 p. : |
| Other physical details | ill. , 1 map ; |
| Dimensions | 23 cm. |
| 650 #0 - SUBJECT ADDED ENTRY--TOPICAL TERM | |
| Topical term or geographic name entry element | Technology transfer. |
| 653 ## - INDEX TERM--UNCONTROLLED | |
| Uncontrolled term | Technology transfer |
| 700 1# - ADDED ENTRY--PERSONAL NAME | |
| Personal name | Ashworth, Graham. |
| 700 1# - ADDED ENTRY--PERSONAL NAME | |
| Personal name | Thornton, Anna. |
| 710 2# - ADDED ENTRY--CORPORATE NAME | |
| Corporate name or jurisdiction name as entry element | University of Salford. |
| 907 ## - LOCAL DATA ELEMENT G, LDG (RLIN) | |
| a | .b10066871 |
| b | 18-01-06 |
| c | 17-04-03 |
| 942 ## - ADDED ENTRY ELEMENTS (KOHA) | |
| Koha item type | Ordinary Loan Books |
| Call number prefix | T174.3TEC |
| Date last seen | Total Checkouts | Full call number | Barcode | Cost, replacement price | Price effective from | Koha item type | Lost status | Source of classification or shelving scheme | Damaged status | Not for loan | Collection | Withdrawn status | Home library | Current library | Shelving location | Date acquired | Cost, normal purchase price |
|---|---|---|---|---|---|---|---|---|---|---|---|---|---|---|---|---|---|
| 01/23/2023 | T174.3 TEC | 92003015463 | 80.00 | 01/23/2023 | BOOKS | LCC | NFIC | MAIN | MAIN | GEN | 01/23/2023 | 80.00 |